000 00909nam a2200253 a 4500
001 000022980
003 DO-SdBNP
005 20251022101015.0
008 101124s1980 mx r 001 0 spa d
020 _a9682400589
040 _aDO-SdBNP
_bspa
_cBNPHU
082 _a352.4
_bG884f
100 1 _aGroves, Harold M.
_947253
245 1 0 _aFinanzas públicas /
_cHarold M. Groves.
260 _aMéxico :
_bTrillas,
_c1980.
300 _a894 p. ;
_c24 cm.
500 _aVersión autorizada en Español de la sexta edición publicada en inglés el 1939.
500 _aQuinta reimpresión en Mayo 1980 de la primera edición del 1965.
504 _aIncluye referencias bibliográficas y notas al pie de las páginas.
534 _pTítulo de esta edición en inglés:
_tFinancing government.
650 0 _aFinanzas públicas
_932168
650 4 _aPolítica de finanzas públicas
_97416
942 _2ddc
_cLBS1
999 _c22477
_d22477